Trade liberalisation and foreign investment in India : (Record no. 66383)

MARC details
000 -LEADER
fixed length control field 00448nam a22001457a 4500
005 - DATE AND TIME OF LATEST TRANSACTION
control field 20170828151235.0
020 ## - INTERNATIONAL STANDARD BOOK NUMBER
International Standard Book Number 8177080148
Terms of availability 470.00
035 ## - SYSTEM CONTROL NUMBER
System control number B-058992
037 ## - SOURCE OF ACQUISITION
Stock number DPL
Source of stock number/acquisition ENG
100 ## - MAIN ENTRY--PERSONAL NAME
Personal name Mathur, Vibha
245 ## - TITLE STATEMENT
Title Trade liberalisation and foreign investment in India :
Remainder of title 1991-2001 /
Statement of responsibility, etc by Vibha Mathur
260 ## - PUBLICATION, DISTRIBUTION, ETC. (IMPRINT)
Place of publication, distribution, etc Delhi
Name of publisher, distributor, etc New Century Publications
Date of publication, distribution, etc 2001
300 ## - PHYSICAL DESCRIPTION
Extent xi, 243p.
Dimensions 20 cms.
942 ## - ADDED ENTRY ELEMENTS (KOHA)
Source of classification or shelving scheme Dewey Decimal Classification
Item type English Books
Classification part 332.673
Call number suffix MAT
Holdings
Withdrawn status Lost status Not for loan Collection code Home library Current library Date acquired Cost, normal purchase price Full call number Barcode Cost, replacement price Koha item type Public note
      Non-fiction Sarojini Nagar Sarojini Nagar 09/05/2012 470.00 332.673 MAT B-058992 470.00 English Books Withdrawn List Prepared List No.5/12

© Delhi Public Library
Hit Counter
free hit counter